000 00473nam a22001817a 4500
005 20230523161004.0
008 230523b |||||||| |||| 00| 0 eng d
020 _a8131702278
082 _a670.427
_bGRO-A
100 _aBroover;Mikell.P
245 _aAutomation,Production Systems,and Computer-Integrated Manufacturing
250 _a2nd.ed
260 _aIndia
_bPearsons
_c2007
300 _a872
650 _aEngineering
700 _aMikell,P.Groover
999 _c18412
_d18412